Návrh IS pre skladovanie, objednávanie a správu surovín v potravinárskej výrobe = Design of IS warehousing, ordering and management of raw materials in food industry : Bakalárska práca
Guardado en:
| Autor principal: | |
|---|---|
| Otros Autores: | |
| Formato: | Manuscrito Libro |
| Lenguaje: | eslovaco |
| Publicado: |
Trnava :
STU v Bratislave MTF UIAM,
2007
|
| Etiquetas: |
Sin Etiquetas, Sea el primero en etiquetar este registro!
|
MARC
| LEADER | 00000ntm a22000003a 4500 | ||
|---|---|---|---|
| 001 | stu152627 | ||
| 005 | 20160719155843.7 | ||
| 008 | 071128s2007----xo------------------slo-d | ||
| 040 | |a STU |b slo | ||
| 041 | 0 | |a slo | |
| 044 | |a xo | ||
| 100 | 1 | |a Rácik, Daniel |4 aut | |
| 245 | 1 | |a Návrh IS pre skladovanie, objednávanie a správu surovín v potravinárskej výrobe = Design of IS warehousing, ordering and management of raw materials in food industry : |b Bakalárska práca | |
| 260 | |a Trnava : |b STU v Bratislave MTF UIAM, |c 2007 | ||
| 300 | |a 52 s |c príl (1 CD-ROM) | ||
| 500 | |a Program: Aplikovaná informatika a automatizácia v priemysle | ||
| 700 | 1 | |a Kopček, Michal, |d 1982- |4 xxx |u M6000 |U MTF Materiálovotechnologická fakulta |T MTF Ústav aplikovanej informatiky, automatizácie a matematiky |X 16383 |U M6000 |Y 86 |7 A000016383 | |
| 996 | |b 284M066933 |c M*BP-3061 |l MMSKP |s P |a 0 |w stu152627_0001 | ||